Countries that Beat Taiwan - Statistics

General Stats
  • This quiz has been taken 845 times
    817 since last reset
  • The average score is 10 of 20
Answer Stats
Rank Hint Countries % Correct
2 Most native Hokkien speakers China
96%
3 Highest proportion of people over 65 in Asia Japan | South Korea
89%
3 Most visited country by mainland Chinese South Korea | Thailand
81%
5 Island nation with the highest GDP per capita Singapore | Ireland | Brunei | Iceland
78%
4 Most Buddhist population with total population less than 40 million Sri Lanka | Cambodia | Malaysia
67%
4 Country whose island has the highest elevation Indonesia | United States | Malaysia
63%
5 Smallest country that does not recognized by at least one UN member Cyprus | Kosovo | Israel | Armenia
62%
5 Highest Democracy Index with more than 6 million people Sweden | Canada | Netherlands | Australia
62%
7 Tallest building in the world United Arab Emirates | Malaysia | China | Saudi Arabia | South Korea | United States
61%
6 Most total soldier per capita North Korea | South Korea | Cuba | Vietnam | Armenia
54%
6 First country to be colonized by the Dutch (not counting Benelux region) Ghana | Indonesia | United States | Guyana | Brazil
51%
5 Country with least population where baseball is the most popular sport Panama | Nicaragua | Dominican Republic | Cuba
48%
2 *Country with largest claimed territory in 2001 Russia
48%
3 Highest population density with more than 6 million people Bangladesh | Lebanon
47%
4 Lowest fertility rate (2019, INED) South Korea | Andorra | Singapore
46%
6 Non-Western country (i.e. Europe, Northern America & Australasia) that first legalize same sex marriage South Africa | Argentina | Brazil | Uruguay | Colombia
34%
4 Country that has/had female head(s) of state for longest period of time in Asia Philippines | Sri Lanka | Nepal
25%
2 *First Asian country that transit from monarchy to republic Philippines
13%
5 *Country flag with the highest % of red that does not have star(s) nor cross Kyrgyzstan | Albania | Latvia | Montenegro
8%
2 Country with smallest land area passing through Tropic of Cancer Bahamas
7%
No matching quizzes found
Score Distribution
Percent of People with Each Score
Percentile by Number Answered
Your Score History
You have not taken this quiz since the last reset